000 00767nam a2200229 a 4500
001 41239
003 BD-RjUL
005 20211209053343.0
008 160518s2006 bg a|||| |||| 00| d ben d
020 _cTk. 50.00
035 _a(BD-RjUL)41356
040 _aBD-RjUL
_bben
_cBD-RjUL
_dBD-RjUL
041 _aben
082 _223
_a891.442
_bHAG 2006
100 _aহক, ফজলুল
_9126882
245 1 0 _aগল্প নয় নাটক /
_cফজলুল হক
260 _aরাজশাহী :
_bরাজশাহী সাহিত্য পরিষদ,
_c২০০৬
300 _a৭৪ পৃ. :
_bচিত্র,
_c২৩ সেমি.
650 _aবাংলা নাটক
_9126883
650 _aBengali Drama
_9126884
942 _2ddc
_cBK
999 _c41239
_d41239